000 01290nam0a22002771 4500
001 rc\574500
005 20260320151156.0
035 _a(NLR Aleph) 005822673
090 _a5496280
_c5496280
100 _a20031121d1987 u y0rusy50 ca
101 0 _arus
102 _aRU
105 _aa |||||||||
200 1 _aУЛУЧШЕНИЕ качества и расширение ассортимента кож за счет использования синтетических красителей
_f[Сост. к. т. н. Ю.А. Романов и др.]
210 _aМ.
_cЦНИИТЭИлегпром
_d1987
215 _a59 с.
_cил.
_d21
225 1 _aКожевенная промышленность
_eОбзор. информ.
_fЦНИИ информ. и техн.-экон. исслед. лег. пром-сти
_vВып. 1
300 _aВ надзаг. также: М-во лег. пром-сти СССР
320 _aБиблиогр.: с. 57-58
702 1 _4220
_7ca
_8rus
_aРоманов
_bЮ. А.
_cд-р техн. наук, меховая и кожев. пром-сть
_gЮрий Александрович
_92701673
_3RU\NLR\AUTH\770291314
801 0 _aRU
_bNLR
_gpsbo
801 1 _aRU
_bELAR
_2rusmarc
852 _aNLR
_jП22/4401
942 _cBOOK
980 _aNB